Largest "Saint" Cities on Each Continent - Statistics

General Stats
  • This quiz has been taken 116 times
  • The average score is 17 of 31
Answer Stats
Continent # Population Country/Territory Answer % Correct
Europe 1 6,400,000 Russia Saint Petersburg
92%
North America 1 7,950,000 United States San Francisco
92%
South America 1 23,000,000 Brazil São Paulo
92%
North America 4 2,425,000 Costa Rica San José
90%
Asia 6 67,501 Philippines San Jose
90%
South America 2 8,050,000 Chile Santiago
90%
Asia 4 120,893 Philippines Santiago
90%
North America 2 4,175,000 Dominican Republic Santo Domingo
90%
North America 3 3,300,000 United States San Diego
88%
North America 6 2,325,000 United States San Antonio
84%
Africa 2 209,752 Senegal Saint-Louis
73%
North America 5 2,350,000 United States St. Louis
72%
South America 3 2,325,000 Bolivia Santa Cruz
70%
Asia 2 209,527 Philippines Santa Cruz
70%
Africa 1 434,083 Spain Santa Cruz de Tenerife
70%
South America 5 1,470,000 Brazil São Luís
55%
Europe 2 428,187 Spain San Sebastián
48%
Africa 5 170,290 Reunion Saint-Paul
46%
Africa 3 187,351 Reunion Saint-Denis
39%
South America 6 1,050,000 Argentina San Miguel de Tucumán
35%
Europe 3 375,389 France Saint-Étienne
34%
Europe 6 169,710 Switzerland St. Gallen
32%
South America 4 1,790,000 Brazil Santos
24%
Europe 4 256,025 Spain Santander
23%
Africa 4 171,748 Reunion Saint-Pierre
20%
Africa 6 164,944 Cote d'Ivoire San-Pédro
14%
Oceania 1 11,000 Australia St Georges Basin - Sanctuary Point
12%
Europe 5 189,875 France Saint-Nazaire
11%
Asia 3 159,893 Philippines San Fernando
10%
Asia 1 244,518 Philippines San Pablo
8%
Asia 5 69,952 Philippines San Rafael
0%
No matching quizzes found
Score Distribution
Percent of People with Each Score
Percentile by Number Answered
Your Score History
You have not taken this quiz